The decision to discriminate: (Record no. 31178)

000 -LEADER
fixed length control field 00513nam a22001577a 4500
008 - FIXED-LENGTH DATA ELEMENTS--GENERAL INFORMATION
fixed length control field 220224b |||||||| |||| 00| 0 eng d
020 ## - INTERNATIONAL STANDARD BOOK NUMBER
International Standard Book Number 0879440627
050 ## - LIBRARY OF CONGRESS CALL NUMBER
Classification number HD 4903 .Q5 1975
100 ## - MAIN ENTRY--PERSONAL NAME
Personal name Quinn,Robert.
245 ## - TITLE STATEMENT
Title The decision to discriminate:
Remainder of title a study of executive selection/
Statement of responsibility, etc. Quinn,Robert P.
260 ## - PUBLICATION, DISTRIBUTION, ETC. (IMPRINT)
Place of publication, distribution, etc. Michigan:
Name of publisher, distributor, etc. Survey research center,
Date of publication, distribution, etc. c1975.
300 ## - PHYSICAL DESCRIPTION
Extent vii,162p.:
Dimensions 23cm
700 ## - ADDED ENTRY--PERSONAL NAME
Personal name Tabor,Joyce M.
700 ## - ADDED ENTRY--PERSONAL NAME
Personal name Gordon,Laura K.
942 ## - ADDED ENTRY ELEMENTS (KOHA)
Source of classification or shelving scheme
Koha item type Hard Covered Materials
Classification part HD 4903 .Q5 1975
Holdings
Withdrawn status Lost status Source of classification or shelving scheme Damaged status Not for loan Home library Current library Shelving location Date acquired Source of acquisition Cost, normal purchase price Total Checkouts Full call number Barcode Date last seen Price effective from Koha item type
          MACHAKOS UNIVERSITY LIBRARY MACHAKOS UNIVERSITY LIBRARY Open shelf 24/02/2022 Donation(Damaris Kimanzi) 9361.00   HD 4903 .Q5 1975 23815 24/02/2022 24/02/2022 Hard Covered Materials
© Machakos University Library, Along The Highway, Machakos Wote Rd, Machakos, Kenya P.O. Box 136 - 90100 Machakos - Kenya

Tel: ( +254 ) 723 805829 OR Fax : 044-20353 OR Email: library@mksu.ac.ke